[Event "POR-ch U18"]
[Site "Luso"]
[Date "2018.03.27"]
[Round "6"]
[White "Martins, Jose Manuel Oliveir"]
[Black "Santos, Pedro Andre Simoes"]
[Result "1/2-1/2"]
[WhiteElo "1552"]
[BlackElo "1520"]
[PlyCount "88"]
[EventDate "2018.03.24"]
[EventType "swiss"]
[EventRounds "7"]
[EventCountry "POR"]
[SourceTitle "EXT 2019"]
[Source "ChessBase"]
[SourceDate "2018.10.10"]
[SourceVersion "1"]
[SourceVersionDate "2018.10.10"]
[SourceQuality "1"]

1. e4 e6 2. d4 d5 3. Nd2 Nf6 4. e5 Nfd7 5. Bd3 c5 6. c3 Nc6 7. Ne2 cxd4 8. cxd4 f6 9. Nf4 Nxd4 10. Qh5+ Ke7 11. Ng6+ hxg6 12. Qxh8 Nxe5 13. Bb1 Qc7 14. Kd1 Ng4 15. Qh4 e5 16. h3 g5 17. Qg3 Nh6 18. Nb3 Nhf5 19. Bxf5 Nxf5 20. Qd3 Be6 21. Bd2 Qb6 22. Ke2 e4 23. Qc3 Kf7 24. Rac1 Rc8 25. Qa5 Qxa5 26. Bxa5 b6 27. Rxc8 Bxc8 28. Bc3 Bc5 29. Rc1 Ba6+ 30. Ke1 Nh4 31. Nxc5 Nxg2+ 32. Kd1 bxc5 33. Bd2 c4 34. Be3 Nxe3+ 35. fxe3 Ke6 36. Kd2 Kd6 37. Kc3 Bc8 38. Rh1 a5 39. Kd4 Bd7 40. h4 gxh4 41. Rxh4 a4 42. a3 g5 43. Rh6 Ke6 44. Rh1 Kd6 1/2-1/2

[Event "POR-ch U18"]
[Site "Luso"]
[Date "2017.04.12"]
[Round "7"]
[White "Goncalves, Goncalo Cravo Jesus"]
[Black "Santos, Pedro Andre Simoes"]
[Result "1/2-1/2"]
[WhiteElo "1646"]
[BlackElo "1522"]
[PlyCount "111"]
[EventDate "2017.04.08"]
[EventType "swiss"]
[EventRounds "7"]
[EventCountry "POR"]
[SourceTitle "EXT 2018"]
[Source "ChessBase"]
[SourceDate "2017.10.13"]
[SourceVersion "1"]
[SourceVersionDate "2017.10.13"]
[SourceQuality "1"]

1. d4 Nf6 2. c4 d5 3. Nf3 c6 4. Nc3 Bg4 5. Ne5 e6 6. Nxg4 Nxg4 7. e4 Nf6 8. e5 Nfd7 9. Bf4 f6 10. exf6 Nxf6 11. Be2 Bd6 12. Bg3 Bxg3 13. hxg3 Qe7 14. Bh5+ Nxh5 15. Qxh5+ Qf7 16. Qe2 0-0 17. 0-0 Nd7 18. f4 Qf6 19. Rad1 Rae8 20. c5 Qg6 21. g4 h6 22. Rd3 Nf6 23. g3 Nxg4 24. Nd1 Qf5 25. Ne3 Nxe3 26. Rxe3 Rf7 27. g4 Qf6 28. Re5 Rfe7 29. Kg2 g6 30. Kg3 Rg7 31. b4 Qe7 32. g5 hxg5 33. Rxg5 Qf6 34. Qd3 Ree7 35. Kf3 Ref7 36. Ke3 a6 37. Kd2 Re7 38. Kc3 Kf8 39. Qg3 Ke8 40. Rh1 Ref7 41. Rh8+ Rf8 42. Rh4 Rff7 43. f5 exf5 44. Qb8+ Ke7 45. Qxb7+ Ke8 46. Qc8+ Ke7 47. Rh8 Rf8 48. Qc7+ Ke8 49. Qb8+ Ke7 50. Qc7+ Ke8 51. Qb8+ Ke7 52. Qd6+ Qxd6 53. cxd6+ Ke8 54. d7+ Rxd7 55. Rxf8+ Kxf8 56. Rxg6 1/2-1/2

[Event "POR-ch U16"]
[Site "Luso"]
[Date "2016.07.23"]
[Round "6"]
[White "Santos, Pedro Andre Simoes"]
[Black "Almeida, Diogo Antonio"]
[Result "1-0"]
[WhiteElo "1524"]
[BlackElo "1512"]
[PlyCount "107"]
[EventDate "2016.07.20"]
[EventType "swiss"]
[EventRounds "7"]
[EventCountry "POR"]
[SourceTitle "EXT 2018"]
[Source "ChessBase"]
[SourceDate "2017.10.13"]
[SourceVersion "1"]
[SourceVersionDate "2017.10.13"]
[SourceQuality "1"]

1. c4 e6 2. Nc3 Nf6 3. g3 d5 4. Bg2 Bc5 5. cxd5 exd5 6. d4 Be7 7. Bg5 c6 8. Bxf6 Bxf6 9. e3 0-0 10. Qb3 Re8 11. Nge2 Bg4 12. Qxb7 Qb6 13. Qxb6 axb6 14. 0-0 b5 15. h3 Bh5 16. Nf4 Bg6 17. Nxg6 hxg6 18. a3 Nd7 19. Rfd1 Nb6 20. e4 dxe4 21. Bxe4 Rac8 22. Bg2 Red8 23. Ne2 Nc4 24. b3 Na5 25. Rab1 Re8 26. Kf1 Rcd8 27. h4 c5 28. d5 Be7 29. b4 cxb4 30. axb4 Nc4 31. Nd4 Rb8 32. Nc6 Rb6 33. Nxe7+ Rxe7 34. Bf3 Rd7 35. Be2 Rbd6 36. Bxc4 bxc4 37. Rbc1 Rxd5 38. Rxd5 Rxd5 39. Rxc4 Rb5 40. Rd4 Kf8 41. Ke2 Ke7 42. Kd3 Ke8 43. Kc4 Rb7 44. Rd2 Rc7+ 45. Kb5 Rb7+ 46. Kc5 Rb8 47. b5 Ke7 48. Kc6 Ke8 49. b6 Ra8 50. Kc7 Ra1 51. Rc2 Rd1 52. b7 Rd7+ 53. Kb8 Rd8+ 54. Rc8 1-0

[Event "POR-ch U16"]
[Site "Luso"]
[Date "2016.07.21"]
[Round "2"]
[White "Santos, Pedro Andre Simoes"]
[Black "Mendes, Afonso V Ferraz Sou"]
[Result "1-0"]
[WhiteElo "1524"]
[BlackElo "1340"]
[PlyCount "99"]
[EventDate "2016.07.20"]
[EventType "swiss"]
[EventRounds "7"]
[EventCountry "POR"]
[SourceTitle "EXT 2018"]
[Source "ChessBase"]
[SourceDate "2017.10.13"]
[SourceVersion "1"]
[SourceVersionDate "2017.10.13"]
[SourceQuality "1"]

1. c4 e5 2. g3 Nf6 3. Bg2 c6 4. Nc3 d6 5. d3 h6 6. Qb3 Qb6 7. Qxb6 axb6 8. a3 Be6 9. Bd2 Nbd7 10. b4 d5 11. cxd5 cxd5 12. Nf3 Be7 13. 0-0 0-0 14. Nb5 Rfc8 15. Rfc1 Nf8 16. Nxe5 N6d7 17. Nxd7 Nxd7 18. Nc7 Rab8 19. Nxd5 Bxd5 20. Bxd5 Rxc1+ 21. Rxc1 Nf6 22. Bg2 Bd6 23. Rc4 Re8 24. Kf1 b5 25. Rc2 Re7 26. Be3 Ng4 27. Rc8+ Kh7 28. Be4+ g6 29. Kg2 Be5 30. Bc5 Rd7 31. Re8 Bb2 32. Rb8 Bxa3 33. Rxb7 Rxb7 34. Bxb7 Ne5 35. Bd5 f5 36. Bd6 Ng4 37. Bc6 Bb2 38. Bxb5 g5 39. Bd7 Kg6 40. b5 Bd4 41. e3 Bb6 42. d4 h5 43. Bc5 Bc7 44. b6 Bb8 45. Be7 f4 46. Bxg4 hxg4 47. exf4 gxf4 48. Bd8 f3+ 49. Kf1 Kf7 50. Bc7 1-0

[Event "POR-ch U16"]
[Site "Luso"]
[Date "2015.07.25"]
[Round "6"]
[White "Santos, Pedro Andre Simoes"]
[Black "Stoffel, Joao Ruivo"]
[Result "0-1"]
[WhiteElo "1500"]
[BlackElo "1622"]
[PlyCount "84"]
[EventDate "2015.07.22"]
[EventType "swiss"]
[EventRounds "7"]
[EventCountry "POR"]
[SourceTitle "EXT 2018"]
[Source "ChessBase"]
[SourceDate "2017.10.13"]
[SourceVersion "1"]
[SourceVersionDate "2017.10.13"]
[SourceQuality "1"]

1. e4 g6 2. Nf3 Bg7 3. Nc3 c5 4. Bc4 Nc6 5. d3 e6 6. h3 Nge7 7. Bg5 d6 8. Bb5 Bd7 9. Bxc6 Bxc6 10. Qd2 b5 11. Bh6 0-0 12. Bxg7 Kxg7 13. h4 h5 14. a3 a5 15. Ne2 b4 16. c3 bxa3 17. Rxa3 c4 18. Ned4 Bb7 19. Ng5 Qc8 20. f4 e5 21. fxe5 dxe5 22. Ndf3 f6 23. Nh3 Rd8 24. Nf2 cxd3 25. Rg1 Qc4 26. b3 Qc5 27. Ra2 a4 28. Rxa4 Rxa4 29. bxa4 Qa3 30. g4 Qa1+ 31. Nd1 Bxe4 32. Nxe5 fxe5 33. gxh5 Bf3 34. hxg6 Bxd1 35. Qxd1 Qxc3+ 36. Qd2 Qd4 37. Kf1 Rf8+ 38. Kg2 Qg4+ 39. Kh2 Qxh4+ 40. Kg2 Qg4+ 41. Kh2 Rh8+ 42. Qh6+ Rxh6# 0-1

[Event "POR-ch U16"]
[Site "Luso"]
[Date "2015.07.25"]
[Round "5"]
[White "Soares, Joao Diogo Pedreiro"]
[Black "Santos, Pedro Andre Simoes"]
[Result "1-0"]
[WhiteElo "1700"]
[BlackElo "1500"]
[PlyCount "143"]
[EventDate "2015.07.22"]
[EventType "swiss"]
[EventRounds "7"]
[EventCountry "POR"]
[SourceTitle "EXT 2018"]
[Source "ChessBase"]
[SourceDate "2017.10.13"]
[SourceVersion "1"]
[SourceVersionDate "2017.10.13"]
[SourceQuality "1"]

1. Nf3 d5 2. b3 Nf6 3. Bb2 Bg4 4. e3 e6 5. Be2 c5 6. 0-0 Nc6 7. d4 Bxf3 8. Bxf3 cxd4 9. exd4 Be7 10. Nd2 0-0 11. Re1 Qb6 12. c3 Rfe8 13. Nf1 Rac8 14. Ng3 Bd6 15. Qd2 Qc7 16. Qg5 Bf4 17. Qh4 Ne7 18. Re2 Ng6 19. Qh3 Bh6 20. Rc2 Nf4 21. Qh4 Nd3 22. Rb1 Nxb2 23. Rbxb2 Qf4 24. Qxf4 Bxf4 25. Ne2 Bd6 26. g3 Nd7 27. c4 Ba3 28. Rb1 b6 29. Bg2 dxc4 30. bxc4 Be7 31. f4 Nf6 32. h3 Rc7 33. Bf1 Rec8 34. Nc3 h5 35. Kf2 g6 36. a4 Nd5 37. cxd5 Rxc3 38. Rxc3 Rxc3 39. dxe6 fxe6 40. a5 Rc6 41. axb6 axb6 42. Ke3 Kf7 43. g4 hxg4 44. hxg4 g5 45. f5 exf5 46. gxf5 Bf6 47. Ke4 Rd6 48. d5 Ke7 49. Bb5 Kd8 50. Rh1 Ke7 51. Rh7+ Kf8 52. Rb7 g4 53. Bc6 Bd8 54. Kf4 Rh6 55. Kxg4 Rh4+ 56. Kf3 Rh5 57. Ke4 Rh4+ 58. Ke3 Bg5+ 59. Kd3 Rf4 60. Bd7 Bd8 61. Be6 Rh4 62. d6 Rh3+ 63. Ke4 Rh4+ 64. Kd5 Ke8 65. Rf7 Bc7 66. Rxc7 Kf8 67. Rf7+ Ke8 68. d7+ Kd8 69. Rf8+ Kc7 70. d8Q+ Kb7 71. Qa8+ Kc7 72. Rc8# 1-0

[Event "POR-ch U14"]
[Site "Braga"]
[Date "2013.08.07"]
[Round "7.5"]
[White "Jorge, Rita Maria Osorio"]
[Black "Santos, Pedro Andre Simoes"]
[Result "1/2-1/2"]
[WhiteElo "1709"]
[BlackElo "1504"]
[PlyCount "39"]
[EventDate "2013.08.02"]
[EventType "swiss"]
[EventRounds "7"]
[EventCountry "POR"]
[SourceTitle "EXT 2015"]
[Source "ChessBase"]
[SourceDate "2014.11.20"]
[SourceVersion "1"]
[SourceVersionDate "2014.11.20"]
[SourceQuality "1"]

1. e4 e6 2. d4 d5 3. e5 c5 4. c3 Nc6 5. Nf3 Qb6 6. Bd3 Bd7 7. Bc2 cxd4 8. cxd4 Bb4+ 9. Nc3 Rc8 10. 0-0 Bxc3 11. bxc3 Na5 12. Bd2 Nc4 13. a4 Nxd2 14. Qxd2 Qb2 15. Rfc1 Qxc3 16. Qg5 Ne7 17. Bxh7 Qb2 18. Rcb1 Qc3 19. Rc1 Qb2 20. Rcb1 1/2-1/2